| 000 | 01179nam a22002057a 4500 | ||
|---|---|---|---|
| 003 | 0 | ||
| 005 | 20240906102808.0 | ||
| 008 | 240906b xxu||||| |||| 00| 0 eng d | ||
| 020 | _a978-1-5297-7792-5 | ||
| 050 |
_aBF 39 _b.W38 2023 |
||
| 100 |
_aWatt, Roger _eauthor. |
||
| 245 |
_aStatistics for psychology : _ba beginner's guide / _cRoger Watt, Elizabeth Collins. |
||
| 250 | _a2nd ed. | ||
| 260 |
_aLos Angeles : _bSAGE, _cc2023. |
||
| 300 |
_axxxii, 356 p. : _bill. ; _c24 cm. |
||
| 520 | _aStatistics for Psychology is an interactive highly visual and accessible guide to the statistical practices you will encounter as a psychology student. Its software agnostic approach keeps the focus on the core principles rather than getting bogged down in complicated formulae and jargon. This book is based on the authors BPS commended programme. It focusses on providing the strong foundational understanding you all need to use statistics confidently and creatively rather than the software-specific way in which statistics is often taught. from the Publishers website. | ||
| 650 |
_aPsychology _xStatistical methods. |
||
| 700 |
_aCollins, Elizabeth _eauthor. |
||
| 942 |
_2lcc _cBK |
||
| 999 |
_c366185 _d366185 |
||